Tutte le Unità di Misura del Sistema Internazionale - Statistics

Statistiche generali
  • Questo quiz è stato fatto 120 volte
  • Il punteggio medio è 20 su 34
Statistiche sulle risposte
Grandezza base Simbolo Nome dell'unità di misura % Corretto
Lunghezza m metro
100%
potenza W watt
99%
Intervallo di tempo s secondo
98%
frequenza Hz hertz
97%
Intensità di corrente A ampere
96%
Massa kg chilogrammo
96%
forza N newton
96%
energia, lavoro, calore, entalpia J joule
95%
Temperatura assoluta K kelvin
93%
area metro quadro
90%
Quantità di sostanza mol mole
90%
pressione Pa pascal
90%
volume metro cubo
89%
velocità m/s metro al secondo
84%
potenziale elettrico, forza elettromotrice, tensione elettrica V volt
84%
temperatura °C grado Celsius
82%
angolo piano rad radiante
73%
resistenza elettrica Ω ohm
65%
carica elettrica C coulomb
55%
Intensità luminosa cd candela
54%
flusso luminoso lm lumen
47%
capacità elettrica F farad
42%
illuminamento lx lux
37%
flusso magnetico Wb weber
37%
densità flusso magnetico T tesla
27%
potere diottrico D diottria
23%
attività catalitica kat katal
18%
induttanza H henry
13%
conduttanza elettrica S siemens
11%
angolo solido sr steradiante
10%
dose equivalente, dose efficace Sv sievert
9%
attività di un radionuclide Bq becquerel
6%
dose assorbita Gy gray
5%
viscosità dinamica Pl poiseuille
3%
Nessun quiz corrispondente trovato
Distribuzione punteggi
Percentuale di utenti per punteggio
Percentile per numero di risposta
I tuoi punteggi nel tempo
Non hai fatto questo quiz